000 00636 a2200205 4500
020 _a0195110099
022 _a0195110099
040 _aDLC
_bDLC
082 _a621.382
100 1 _aLathi, B. P.
245 1 0 _aModern digital and analog communication systems
_cB.P. Lathi.
250 _a3rd ed.
260 _aNew York :
_bOxford University Press,
_c1998.
300 _axiii, 781 p. :
_bill. ;
_c25 cm.
440 4 _aThe Oxford series in electrical and computer engineering.
650 0 _aTelecommunication systems.
650 0 _aDigital communications.
650 0 _aStatistical communication theory.
942 _cBK
_k621.382 LAT
_2ddc
999 _c4714
_d4714